000 01538nam a22004937a 4500
001 761378595
003 OCoLC
005 20210419071435.0
008 111110s2012 ctua 001 0 eng d
015 _aGBB1D1014
_2bnb
016 7 _a015968953
_2Uk
020 _a9780071744027 (pbk.)
020 _a0071744029 (pbk.)
035 _a(OCoLC)761378595
040 _aUKMGB
_cUKMGB
_dBDX
041 _aeng
049 _aYYEA
080 _a61
_bF-56
096 _aW 18.2 F5278 2012
100 1 _aLe, Tao.
_eEditor
245 1 0 _aFirst Aid Q&A for the USMLE Step 1 /
_cTao Le, James Feinstein.
250 _a3rd ed.
260 _aStamford, Conn. :
_bAppleton & Lange ;
_aLondon :
_bMcGraw-Hill [distributor],
_c2012.
300 _axiii, 765 p. :
_b ill. ;
_c 28 cm.
490 1 _aFirst aid USMLE.
500 _aPrevious ed.: published as by Tao Le. 2009.
504 _aIncludes index.
590 _ac.1 10060820 Ritt 3/6/12 $45.00.
650 2 _aClinical Medicine
_vExamination Questions.
650 0 _aMedicine
_969
650 0 _aUSMLE STEP 1
_972
650 2 _aTest Taking Skills.
653 _aმედიცინა
653 _aკლინიკური მედიცინა
700 _9162
_aBall, W. Mark
700 _9163
_aDude, Annie
700 _9170
_aFeinstein, A. James
700 _9164
_aHoffman, L. Rebecca
700 _9165
_aJensen, Mark. Robert
700 _9148
_aKallianos, Kimberly
700 _9166
_aPadilla, Cesar Raudel
700 _9167
_aRothkopf, Lauren
942 _2udc
_cBK
999 _c287
_d287